[Event "IECG WC.2003.F.00003 email"]
[Site "IECG email"]
[Date "2003.12.20"]
[Round "?"]
[White "Lund, Jens Dahlen"]
[Black "Drogi, Gerhard"]
[Result "1/2-1/2"]
[WhiteElo "2287"]
[BlackElo "2234"]
[PlyCount "69"]
[EventDate "2003.12.20"]
[EventType "tourn (corr)"]
[EventRounds "14"]
[SourceTitle "Corr 2008"]
[Source "ChessBase"]
[SourceDate "2008.06.24"]
[SourceVersion "1"]
[SourceVersionDate "2008.06.24"]
[SourceQuality "1"]

1. g3 c5 2. c4 Nc6 3. Bg2 g6 4. Nf3 Bg7 5. 0-0 a6 6. Nc3 Rb8 7. d3 d6 8. Ne1 Bd7 9. Rb1 b5 10. Bd2 Nf6 11. Nd5 0-0 12. h3 bxc4 13. dxc4 Nxd5 14. cxd5 Nd4 15. e3 Nf5 16. Nd3 Bb5 17. Qc2 Qc8 18. Rfd1 Bxd3 19. Qxd3 Bxb2 20. Qc4 Rb6 21. Qc2 Qb7 22. Ba5 Rb5 23. Bf1 Rxa5 24. Rxb2 Qc8 25. Rb6 Ng7 26. Rdb1 Qf5 27. Qxf5 Nxf5 28. Rxa6 Ra8 29. Rxa5 Rxa5 30. Bc4 Kg7 31. Rb7 Ra3 32. Bb3 g5 33. Kg2 h5 34. Kf3 Kf6 35. g4 1/2-1/2

[Event "IECG WC.2005.S.00011 email"]
[Site "IECG email"]
[Date "2003.05.19"]
[Round "?"]
[White "Drogi, Gerhard"]
[Black "Gilles, Robert P"]
[Result "1/2-1/2"]
[WhiteElo "2231"]
[BlackElo "2231"]
[PlyCount "66"]
[EventDate "2003.05.19"]
[EventType "tourn (corr)"]
[EventRounds "10"]
[SourceTitle "Corr 2008"]
[Source "ChessBase"]
[SourceDate "2008.06.24"]
[SourceVersion "1"]
[SourceVersionDate "2008.06.24"]
[SourceQuality "1"]

1. e4 e6 2. d4 d5 3. Nc3 Nf6 4. e5 Nfd7 5. f4 c5 6. Nf3 Nc6 7. Be3 cxd4 8. Nxd4 Bc5 9. Qd2 a6 10. 0-0-0 0-0 11. h4 Nxd4 12. Bxd4 b5 13. Rh3 b4 14. Na4 Bxd4 15. Qxd4 a5 16. Bb5 Rb8 17. Bd3 f6 18. exf6 Qxf6 19. Qxf6 Rxf6 20. Re3 Rxf4 21. Rxe6 Nf6 22. Rd6 Bg4 23. Rg1 Re8 24. Ra6 Be2 25. Nc5 Rxh4 26. Rxa5 Bxd3 27. Nxd3 Rb8 28. g4 h6 29. Nf4 Rxg4 30. Rxg4 Nxg4 31. Nxd5 h5 32. Nf4 h4 33. Rh5 Ne3 1/2-1/2

[Event "IECG WC.2005.S.00011 email"]
[Site "IECG email"]
[Date "2003.05.19"]
[Round "?"]
[White "Sakai, Kiyotaka"]
[Black "Drogi, Gerhard"]
[Result "1/2-1/2"]
[WhiteElo "2528"]
[BlackElo "2231"]
[PlyCount "113"]
[EventDate "2003.05.19"]
[EventType "tourn (corr)"]
[EventRounds "10"]
[SourceTitle "Corr 2008"]
[Source "ChessBase"]
[SourceDate "2008.06.24"]
[SourceVersion "1"]
[SourceVersionDate "2008.06.24"]
[SourceQuality "1"]

1. e4 c5 2. Nf3 Nc6 3. d4 cxd4 4. Nxd4 e6 5. Nc3 Qc7 6. Be2 a6 7. 0-0 Nf6 8. Be3 Bb4 9. Na4 Be7 10. Nxc6 bxc6 11. Nb6 Rb8 12. Nxc8 Qxc8 13. Bd4 c5 14. Be5 Rb6 15. b3 Nxe4 16. Bxg7 Rg8 17. Be5 Bd6 18. Bg3 Nxg3 19. fxg3 Ke7 20. Qd3 Rg7 21. Qc3 Kf8 22. Bh5 f5 23. Rae1 c4 24. Rxf5+ exf5 25. Re8+ Qxe8 26. Bxe8 Bb4 27. Qd4 Rc6 28. Kf1 cxb3 29. Qxb4+ Kxe8 30. Qb8+ Kf7 31. axb3 Rxc2 32. Qd6 Rc1+ 33. Kf2 Rc2+ 34. Kf1 Rc1+ 35. Ke2 Ke8 36. Qxa6 Re7+ 37. Kd2 Rc6 38. Qa5 Rd6+ 39. Kc1 Rc6+ 40. Kb2 Re2+ 41. Ka3 Rxg2 42. h4 h6 43. Qxf5 Ra6+ 44. Kb4 Re6 45. Qh5+ Kd8 46. Qa5+ Ke7 47. Qc5+ Ke8 48. Qc8+ Ke7 49. Qg8 Rge2 50. Ka4 R2e5 51. Qg7+ Ke8 52. g4 Ra6+ 53. Kb4 Rb6+ 54. Kc4 Reb5 55. g5 Rb4+ 56. Kc5 hxg5 57. hxg5 1/2-1/2

[Event "IECG WC.2003.T.00006 email"]
[Site "IECG email"]
[Date "2002.08.04"]
[Round "?"]
[White "Bergmann, Michael"]
[Black "Drogi, Gerhard"]
[Result "1/2-1/2"]
[WhiteElo "2384"]
[BlackElo "2226"]
[PlyCount "62"]
[EventDate "2002.08.04"]
[EventType "tourn (corr)"]
[EventRounds "10"]
[SourceTitle "Corr 2008"]
[Source "ChessBase"]
[SourceDate "2008.06.24"]
[SourceVersion "1"]
[SourceVersionDate "2008.06.24"]
[SourceQuality "1"]

1. e4 e5 2. Nf3 Nf6 3. Nxe5 d6 4. Nf3 Nxe4 5. d4 d5 6. Bd3 Bd6 7. 0-0 0-0 8. c4 c6 9. Qc2 Na6 10. a3 Bg4 11. Ne5 Bxe5 12. dxe5 Nac5 13. f3 Nxd3 14. Qxd3 Nc5 15. Qd4 Nb3 16. Qxg4 Nxa1 17. Bh6 g6 18. Bxf8 Qxf8 19. cxd5 Qc5+ 20. Kh1 Nc2 21. Qd7 Ne3 22. Qxb7 Rf8 23. Rg1 cxd5 24. Nc3 d4 25. Ne4 Qxe5 26. Qxa7 Re8 27. b4 Ng4 28. fxg4 Qxe4 29. Qd7 d3 30. h3 Re7 31. Qd8+ Re8 1/2-1/2

[Event "IECG WC.2003.T.00006 email"]
[Site "IECG email"]
[Date "2002.08.04"]
[Round "?"]
[White "Brueckner, Joachim"]
[Black "Drogi, Gerhard"]
[Result "1/2-1/2"]
[WhiteElo "2363"]
[BlackElo "2226"]
[PlyCount "63"]
[EventDate "2002.08.04"]
[EventType "tourn (corr)"]
[EventRounds "10"]
[SourceTitle "Corr 2008"]
[Source "ChessBase"]
[SourceDate "2008.06.24"]
[SourceVersion "1"]
[SourceVersionDate "2008.06.24"]
[SourceQuality "1"]

1. e4 e5 2. Nf3 Nc6 3. Bb5 Nf6 4. 0-0 Nxe4 5. d4 Nd6 6. Bxc6 dxc6 7. dxe5 Nf5 8. Qxd8+ Kxd8 9. Nc3 h6 10. h3 Ke8 11. Bf4 Be6 12. g4 Ne7 13. Nd4 Bc4 14. Rfd1 Ng6 15. Bg3 h5 16. b3 Bb4 17. Na4 Bb5 18. a3 Ba5 19. Rab1 hxg4 20. hxg4 Rd8 21. Nxb5 cxb5 22. Nc5 Bb6 23. Rxd8+ Kxd8 24. Nd3 Nh4 25. Rd1 Kc8 26. c3 Ng6 27. Kg2 Rd8 28. Kf1 c5 29. Ke2 Bc7 30. Nxc5 Rxd1 31. Kxd1 Nxe5 32. Bxe5 1/2-1/2

[Event "IECG CP.1999.S.00006"]
[Site "IECG email"]
[Date "2001.10.01"]
[Round "?"]
[White "Deschamp, Guy"]
[Black "Drogi, Gerhard"]
[Result "0-1"]
[WhiteElo "2256"]
[BlackElo "2202"]
[PlyCount "114"]
[EventDate "2001.10.01"]
[EventType "tourn (corr)"]
[EventRounds "6"]
[SourceTitle "Corr 2008"]
[Source "ChessBase"]
[SourceDate "2008.06.24"]
[SourceVersion "1"]
[SourceVersionDate "2008.06.24"]
[SourceQuality "1"]

1. e4 e5 2. Nf3 Nc6 3. Bb5 Nf6 4. 0-0 Nxe4 5. d4 Nd6 6. Bxc6 dxc6 7. Bg5 f6 8. Nxe5 fxg5 9. Qh5+ g6 10. Nxg6 Bg4 11. Re1+ Be7 12. Qxg5 hxg6 13. Qxg6+ Nf7 14. Qxg4 Qd7 15. Qxd7+ Kxd7 16. Nd2 c5 17. dxc5 Bxc5 18. Rad1 Rae8 19. Nc4+ Kc8 20. Rxe8+ Rxe8 21. Kf1 b5 22. Rd5 Bxf2 23. Rxb5 Bd4 24. Rd5 Bg7 25. g3 Ne5 26. Nxe5 Bxe5 27. b3 Bd6 28. Rd2 Kd7 29. Kf2 Rf8+ 30. Ke3 Ke6 31. Ke4 Rf1 32. a4 Be5 33. Ke3 Re1+ 34. Re2 Rd1 35. Kf3 c5 36. Re4 Kd5 37. Re2 c4 38. bxc4+ Ke6 39. Re4 Ra1 40. Rh4 Rxa4 41. Rh6+ Bf6 42. g4 Kf7 43. c5 Kg7 44. Rh5 Rc4 45. Rd5 a5 46. c6 Bc3 47. Rd7+ Kf6 48. Rh7 Ke5 49. Re7+ Kd6 50. Re4 Rxe4 51. Kxe4 Kxc6 52. Kd3 Be5 53. h4 Kb5 54. c3 a4 55. Kc2 Kc4 56. Kb2 Bxc3+ 57. Ka3 Kb5 0-1

[Event "IECG CP.1999.S.00006"]
[Site "IECG email"]
[Date "2001.10.01"]
[Round "?"]
[White "Drogi, Gerhard"]
[Black "Kovacs, Arthur"]
[Result "1/2-1/2"]
[WhiteElo "2202"]
[BlackElo "2024"]
[PlyCount "123"]
[EventDate "2001.10.01"]
[EventType "tourn (corr)"]
[EventRounds "6"]
[SourceTitle "Corr 2008"]
[Source "ChessBase"]
[SourceDate "2008.06.24"]
[SourceVersion "1"]
[SourceVersionDate "2008.06.24"]
[SourceQuality "1"]

1. e4 e5 2. Nf3 Nc6 3. Bb5 a6 4. Ba4 Nf6 5. 0-0 Be7 6. Re1 b5 7. Bb3 d6 8. c3 0-0 9. h3 Bb7 10. d4 Re8 11. Nbd2 Bf8 12. a4 h6 13. Bc2 exd4 14. cxd4 Nb4 15. Bb1 c5 16. d5 Nd7 17. Ra3 f5 18. Nh2 Nf6 19. Rf3 Re5 20. Rxf5 Rxf5 21. exf5 Bxd5 22. Ne4 Bxe4 23. Bxe4 d5 24. Bf3 c4 25. Re6 Nd3 26. Be3 d4 27. Bxh6 Nxb2 28. Qa1 Nxa4 29. Bxa8 Qxa8 30. Qxd4 Qd5 31. Qf4 Nc3 32. Qf3 b4 33. Bc1 a5 34. Bb2 Qxf3 35. Nxf3 Ncd5 36. Ba1 a4 37. Rc6 c3 38. Nd4 Ne4 39. Rc8 b3 40. Rb8 Kf7 41. Nxb3 axb3 42. Rxb3 Bc5 43. Rb7+ Kf6 44. Rd7 Nb6 45. Rd3 Na4 46. g4 Kg5 47. Rd5 Kh6 48. Rd7 g6 49. Bxc3 Bxf2+ 50. Kg2 Naxc3 51. Rc7 Bd4 52. Rc6 Nf6 53. fxg6 Nce4 54. Kf3 Ng5+ 55. Kg2 Nd5 56. h4 Ne3+ 57. Kg3 Be5+ 58. Kf2 Nxg4+ 59. Kg2 Ne4 60. Re6 Nef6 61. Rxe5 Nxe5 62. h5 1/2-1/2

[Event "IECG CP.1999.S.00006"]
[Site "IECG email"]
[Date "2001.10.01"]
[Round "?"]
[White "Drogi, Gerhard"]
[Black "Prochazka, Dalibor"]
[Result "1-0"]
[WhiteElo "2202"]
[BlackElo "2253"]
[PlyCount "55"]
[EventDate "2001.10.01"]
[EventType "tourn (corr)"]
[EventRounds "6"]
[SourceTitle "Corr 2008"]
[Source "ChessBase"]
[SourceDate "2008.06.24"]
[SourceVersion "1"]
[SourceVersionDate "2008.06.24"]
[SourceQuality "1"]

1. e4 e5 2. Nf3 Nc6 3. Bb5 a6 4. Ba4 d6 5. c3 f5 6. exf5 Bxf5 7. 0-0 Bd3 8. Re1 Be7 9. Bc2 Bxc2 10. Qxc2 Nf6 11. d4 0-0 12. d5 Nb8 13. c4 Nbd7 14. Ng5 Qc8 15. Nc3 c6 16. Be3 Re8 17. c5 b5 18. cxd6 Bxd6 19. Nce4 Nxe4 20. Nxe4 Be7 21. dxc6 Nf8 22. Rac1 Qe6 23. a3 Rac8 24. c7 Ng6 25. b4 Nh4 26. Qc6 Qf7 27. Qxa6 Rf8 28. Qc6 1-0

[Event "IECG WC.2003.S.00005 email"]
[Site "IECG email"]
[Date "2001.04.01"]
[Round "?"]
[White "Chorfi, Khaled"]
[Black "Drogi, Gerhard"]
[Result "1/2-1/2"]
[WhiteElo "2419"]
[BlackElo "2178"]
[PlyCount "51"]
[EventDate "2001.04.01"]
[EventType "tourn (corr)"]
[EventRounds "8"]
[SourceTitle "Corr 2008"]
[Source "ChessBase"]
[SourceDate "2008.06.24"]
[SourceVersion "1"]
[SourceVersionDate "2008.06.24"]
[SourceQuality "1"]

1. d4 d5 2. Nf3 Nf6 3. c4 c6 4. Nc3 e6 5. e3 Nbd7 6. Qc2 Bd6 7. Be2 0-0 8. 0-0 dxc4 9. Bxc4 a6 10. Rd1 b5 11. Be2 Qc7 12. Ne4 Nxe4 13. Qxe4 Be7 14. Bd2 Bb7 15. Bd3 Nf6 16. Qh4 c5 17. dxc5 Qxc5 18. Bc3 h6 19. Bd4 Qd6 20. Be5 Qb6 21. Qg3 Rac8 22. b4 Rfd8 23. a3 Bd5 24. Nd4 Ne8 25. Bf4 Bd6 26. Rac1 1/2-1/2

[Event "IECG WC.2003.S.00005 email"]
[Site "IECG email"]
[Date "2001.04.01"]
[Round "?"]
[White "Costa, Paulo Cesar"]
[Black "Drogi, Gerhard"]
[Result "1/2-1/2"]
[WhiteElo "2235"]
[BlackElo "2178"]
[PlyCount "80"]
[EventDate "2001.04.01"]
[EventType "tourn (corr)"]
[EventRounds "8"]
[SourceTitle "Corr 2008"]
[Source "ChessBase"]
[SourceDate "2008.06.24"]
[SourceVersion "1"]
[SourceVersionDate "2008.06.24"]
[SourceQuality "1"]

1. Nf3 Nf6 2. d4 g6 3. c4 Bg7 4. Nc3 d5 5. cxd5 Nxd5 6. e4 Nxc3 7. bxc3 c5 8. Rb1 0-0 9. Be2 cxd4 10. cxd4 Qa5+ 11. Bd2 Qxa2 12. 0-0 Bg4 13. Rxb7 Bxf3 14. Bxf3 Bxd4 15. Bb4 Rd8 16. Qc1 e5 17. Be7 Re8 18. Qh6 Rxe7 19. Rxe7 Na6 20. Qh4 Nc5 21. Qf6 a5 22. h4 h5 23. Qc6 Rf8 24. Rc7 Qd2 25. Qf6 a4 26. Qe7 Nd3 27. Rd7 Bxf2+ 28. Kh1 Bg3 29. Be2 Bxh4 30. Qxf8+ Kxf8 31. Rfxf7+ Ke8 32. Bxd3 Qe1+ 33. Rf1 Qxf1+ 34. Bxf1 Kxd7 35. Bb5+ Ke7 36. Bxa4 Bg3 37. Bd1 Kf6 38. Bb3 g5 39. Kg1 g4 40. Ba4 Kg5 1/2-1/2

[Event "IECG WC.2003.S.00005 email"]
[Site "IECG email"]
[Date "2001.04.01"]
[Round "?"]
[White "Drogi, Gerhard"]
[Black "Boikov, Mikhail"]
[Result "1-0"]
[WhiteElo "2178"]
[BlackElo "1416"]
[PlyCount "55"]
[EventDate "2001.04.01"]
[EventType "tourn (corr)"]
[EventRounds "8"]
[SourceTitle "Corr 2008"]
[Source "ChessBase"]
[SourceDate "2008.06.24"]
[SourceVersion "1"]
[SourceVersionDate "2008.06.24"]
[SourceQuality "1"]

1. e4 e5 2. Nf3 Nf6 3. Nxe5 d6 4. Nf3 Nxe4 5. d4 d5 6. Bd3 Bd6 7. 0-0 0-0 8. c4 c6 9. cxd5 cxd5 10. Nc3 Nxc3 11. bxc3 Bg4 12. Rb1 b6 13. Rb5 Bc7 14. h3 a6 15. hxg4 axb5 16. Qc2 g6 17. Bxb5 Qd6 18. g3 Nc6 19. Kg2 Na7 20. Bd3 Qd7 21. Rh1 Bd8 22. Ne5 Qe7 23. Qd2 f6 24. Ba3 Qg7 25. Bxf8 Kxf8 26. Qf4 Rc8 27. g5 Kg8 28. gxf6 1-0

[Event "IECG WC.2003.S.00005 email"]
[Site "IECG email"]
[Date "2001.04.01"]
[Round "?"]
[White "Drogi, Gerhard"]
[Black "Ottenweller, Wolfgang"]
[Result "1-0"]
[WhiteElo "2178"]
[BlackElo "1911"]
[PlyCount "61"]
[EventDate "2001.04.01"]
[EventType "tourn (corr)"]
[EventRounds "8"]
[SourceTitle "Corr 2008"]
[Source "ChessBase"]
[SourceDate "2008.06.24"]
[SourceVersion "1"]
[SourceVersionDate "2008.06.24"]
[SourceQuality "1"]

1. e4 c5 2. Nf3 Nc6 3. d4 cxd4 4. Nxd4 e5 5. Nb5 Nf6 6. N1c3 d6 7. Bg5 a6 8. Na3 Be7 9. Nc4 Be6 10. Bxf6 gxf6 11. Ne3 Qa5 12. Bc4 Rc8 13. 0-0 Qc5 14. Ncd5 b5 15. Bb3 Nd4 16. c3 Nxb3 17. axb3 Qc6 18. Qf3 Rg8 19. Qh5 f5 20. Qxh7 Kd7 21. Nxf5 Bxd5 22. exd5 Qxd5 23. Ne3 Qxb3 24. Rxa6 Ra8 25. Rfa1 Rxa6 26. Rxa6 Rc8 27. c4 Rxc4 28. Qh3+ f5 29. Qxf5+ Kc7 30. Nd5+ Kb7 31. Rb6+ 1-0

[Event "IECG WC.2004.P.00006 email"]
[Site "IECG email"]
[Date "2001.01.22"]
[Round "?"]
[White "Lukin, Andrey"]
[Black "Drogi, Gerhard"]
[Result "0-1"]
[WhiteElo "1883"]
[BlackElo "2184"]
[PlyCount "68"]
[EventDate "2001.01.22"]
[EventType "tourn (corr)"]
[EventRounds "8"]
[SourceTitle "Corr 2008"]
[Source "ChessBase"]
[SourceDate "2008.06.24"]
[SourceVersion "1"]
[SourceVersionDate "2008.06.24"]
[SourceQuality "1"]

1. e4 e5 2. Nf3 Nc6 3. Bb5 a6 4. Bxc6 dxc6 5. 0-0 Qd6 6. d4 exd4 7. Nxd4 Bd7 8. Nc3 0-0-0 9. Bg5 Be7 10. Nf3 Bg4 11. Qxd6 cxd6 12. Bxe7 Nxe7 13. Nd4 c5 14. Nb3 Be6 15. f3 b6 16. Rfd1 d5 17. exd5 Nxd5 18. Nxd5 Bxd5 19. Kf2 Be6 20. g3 Bxb3 21. axb3 Rxd1 22. Rxd1 Rd8 23. Rxd8+ Kxd8 24. Ke3 Ke7 25. Ke4 Ke6 26. g4 h6 27. f4 Kd6 28. Kf5 Kd5 29. c4+ Kd4 30. g5 Ke3 31. g6 fxg6+ 32. Kxg6 Kxf4 33. Kxg7 h5 34. Kg6 Kg4 0-1

[Event "IECG CP.1999.Q.00004"]
[Site "IECG email"]
[Date "2000.10.01"]
[Round "?"]
[White "Oestergaard, Allan"]
[Black "Drogi, Gerhard"]
[Result "1/2-1/2"]
[WhiteElo "2097"]
[BlackElo "2173"]
[PlyCount "102"]
[EventDate "2000.10.01"]
[EventType "tourn (corr)"]
[EventRounds "8"]
[EventCountry "NED"]
[SourceTitle "Corr 2008"]
[Source "ChessBase"]
[SourceDate "2008.06.24"]
[SourceVersion "1"]
[SourceVersionDate "2008.06.24"]
[SourceQuality "1"]

1. e4 e5 2. Nf3 Nc6 3. d4 exd4 4. c3 dxc3 5. Bc4 d6 6. Nxc3 Nf6 7. Ng5 Ne5 8. Bb3 h6 9. f4 Bg4 10. Qd4 c5 11. Qe3 hxg5 12. fxe5 Nd7 13. Ba4 dxe5 14. Qg3 Be6 15. Qxe5 Be7 16. Be3 Bf6 17. Bxd7+ Qxd7 18. Qxc5 b6 19. Qb4 Qd3 20. Kf2 Qc2+ 21. Kg1 Bxc3 22. Qxc3 Qxc3 23. bxc3 Rh4 24. Kf2 Rxe4 25. Bxg5 Rc8 26. Rhd1 Re5 27. Bd2 Rd8 28. Be3 Rxd1 29. Rxd1 Ra5 30. Ra1 Ra3 31. Bd4 f6 32. h4 Kf7 33. g3 b5 34. Ke1 a5 35. Kd2 Rxa2+ 36. Rxa2 Bxa2 37. Bc5 Kg6 38. Bf8 Bc4 39. Kc2 Kf7 40. Ba3 Ke6 41. Bc5 Kd5 42. Bf8 g6 43. Be7 f5 44. Bg5 Ke4 45. Bf4 a4 46. Kb2 Kd3 47. Bc7 Bb3 48. Bb6 Bd5 49. Bd8 Kc4 50. Be7 Be4 51. Bf6 Bc6 1/2-1/2

[Event "IECG WC.2003.P.00001 email"]
[Site "IECG email"]
[Date "2000.??.??"]
[Round "?"]
[White "Bandiera, Aurelio"]
[Black "Drogi, Gerhard"]
[Result "0-1"]
[WhiteElo "1740"]
[BlackElo "2221"]
[PlyCount "70"]
[EventDate "2000.01.26"]
[EventType "tourn (corr)"]
[EventRounds "10"]
[SourceTitle "Corr 2008"]
[Source "ChessBase"]
[SourceDate "2008.06.24"]
[SourceVersion "1"]
[SourceVersionDate "2008.06.24"]
[SourceQuality "1"]

1. d4 Nf6 2. Nf3 g6 3. Bf4 Bg7 4. e3 d6 5. h3 0-0 6. Be2 Nbd7 7. 0-0 c5 8. c3 b6 9. Nbd2 Bb7 10. a4 Rc8 11. Re1 Qc7 12. Bh2 e5 13. Kh1 e4 14. Ng1 Rfd8 15. a5 Qc6 16. axb6 axb6 17. Qb3 d5 18. Bb5 Qe6 19. Ne2 Ra8 20. Nf4 Qf5 21. Bxd7 Nxd7 22. dxc5 Bf8 23. Rxa8 Rxa8 24. Rd1 Bxc5 25. g4 Qg5 26. Kg1 Bc6 27. Qc2 Ne5 28. b4 Bd6 29. Bg3 Nd3 30. Nf3 Qd8 31. Rxd3 exd3 32. Qxd3 Ra1+ 33. Kg2 d4 34. exd4 Bxf4 35. Bxf4 Qa8 0-1

[Event "IECG WC.2003.P.00001 email"]
[Site "IECG email"]
[Date "2000.??.??"]
[Round "?"]
[White "Drogi, Gerhard"]
[Black "Furman, Slavomir"]
[Result "1-0"]
[WhiteElo "2221"]
[BlackElo "1905"]
[PlyCount "75"]
[EventDate "2000.01.26"]
[EventType "tourn (corr)"]
[EventRounds "10"]
[SourceTitle "Corr 2008"]
[Source "ChessBase"]
[SourceDate "2008.06.24"]
[SourceVersion "1"]
[SourceVersionDate "2008.06.24"]
[SourceQuality "1"]

1. e4 e6 2. d4 d5 3. Nc3 Nf6 4. Bg5 Bb4 5. e5 h6 6. Bd2 Bxc3 7. bxc3 Ne4 8. Qg4 g6 9. Bd3 Nxd2 10. Kxd2 c5 11. Nf3 Nc6 12. Rhb1 Qe7 13. Qf4 c4 14. Be2 b6 15. h3 g5 16. Qg3 Bb7 17. Nh2 0-0-0 18. Ng4 Nb8 19. a4 Ba6 20. a5 b5 21. Ke1 Nd7 22. Ne3 f5 23. exf6 Nxf6 24. Ng4 Nxg4 25. Bxg4 h5 26. Bf3 Qf6 27. Kd2 Rhf8 28. Re1 Qh6 29. Re3 Rf4 30. Rae1 Rf6 31. Kc1 Bb7 32. Qe5 Rg6 33. Kb2 a6 34. Bd1 Rd7 35. h4 gxh4 36. Qh2 b4 37. cxb4 Qf8 38. c3 1-0

[Event "IECG CP.1999.P.00065"]
[Site "IECG email"]
[Date "1999.10.01"]
[Round "?"]
[White "Grazinys, Vidmantas"]
[Black "Drogi, Gerhard"]
[Result "1/2-1/2"]
[WhiteElo "2068"]
[BlackElo "2190"]
[PlyCount "112"]
[EventDate "1999.10.01"]
[EventType "tourn (corr)"]
[EventRounds "6"]
[EventCountry "GER"]
[SourceTitle "Corr 2008"]
[Source "ChessBase"]
[SourceDate "2008.06.24"]
[SourceVersion "1"]
[SourceVersionDate "2008.06.24"]
[SourceQuality "1"]

1. e4 e5 2. Nf3 Nc6 3. Bb5 a6 4. Bxc6 dxc6 5. 0-0 Qd6 6. Na3 Be6 7. Qe2 f6 8. Nc4 Qd7 9. Rd1 c5 10. c3 Bg4 11. h3 Bh5 12. d3 Ne7 13. Be3 Nc6 14. a3 a5 15. a4 Be7 16. b3 Rd8 17. Rac1 0-0 18. g4 Bg6 19. Nh4 Bf7 20. Nf5 Be6 21. Qf3 b6 22. Qg3 Rfe8 23. Rd2 Bf8 24. f3 Rb8 25. Qf2 b5 26. axb5 Rxb5 27. Rb2 Reb8 28. Qc2 g6 29. Ng3 Rxb3 30. Rxb3 Rxb3 31. Qxb3 Qxd3 32. Rd1 Bxc4 33. Rxd3 Bxb3 34. Ne2 a4 35. Nc1 Bc4 36. Rd2 a3 37. Kf2 Bd6 38. Ke1 Na5 39. Rc2 Kf7 40. h4 f5 41. h5 fxg4 42. fxg4 Be6 43. Rf2+ Ke8 44. hxg6 hxg6 45. g5 Be7 46. Na2 Nc4 47. Bc1 Nd6 48. Bxa3 Bxg5 49. Rc2 Nxe4 50. c4 Kf7 51. Nc1 Bd2+ 52. Rxd2 Nxd2 53. Kxd2 Bxc4 54. Bxc5 Ke6 55. Nd3 Bxd3 56. Kxd3 Kf5 1/2-1/2